La monarquía (Registro nro. 66713)

Detalles MARC
000 -ENCABEZADO
Número de control [NR] 01000nam a2200277Ia 4500
008 - DE LONGITUD FIJA DE DATOS DE ELEMENTOS - INFORMACIÓN GENERAL
Elementos de longitud fija [NR] 130821s1995 sp gr spa
020 ## - NUMERO INTERNACIONAL NORMALIZADO PARA LIBROS [R]
Número Internacional Normalizado del libro [NR] 8448701194
Términos de disponibilidad [NR] obra completa
020 ## - NUMERO INTERNACIONAL NORMALIZADO PARA LIBROS [R]
Número Internacional Normalizado del libro [NR] 8448701607
040 ## - FUENTE DE CATALOGACION [NR]
Agencia de catalogación original [NR] Co-BoUCM
Idioma de catalogación [NR] spa
041 00 - CODIGO DE IDIOMA [R]
Código de idioma para texto/pista de sonido o título separado [R] Español
100 1# - ASIENTO PRINCIPAL--NOMBRE PERSONAL [NR]
Nombre personal [NR] Tomás de Aquino
Títulos u otras palabras asociadas al nombre [R] Santo
Fechas asociadas con el nombre [NR] 1225-1274
ID Autoridad 859
245 13 - MENCION DE TITULO [NR]
Título [NR] La monarquía
Mención de responsabilidad, etc. [NR] Santo Tomás de Aquino ;traducción, estudio preliminar y notas de Laureano Robles y Ángel Chueca
260 ## - PUBLICACION, DISTRIBUCION, ETC. (PIE DE IMPRENTA) [R]
Lugar de publicación, distribución, etc. [R] Barcelona (España)
Nombre del editor, distribuidor, etc. [R] Altaya
Fecha de publicación, distribución, etc. [R] 1995
300 ## - DESCRIPCION FISICA [R]
Extensión [R] 92 páginas
490 #0 - MENCION DE SERIE [R]
Mención de serie [R] Grandes obras del pensamiento
Designación numérica/secuencial del volumen [NR] 41
504 ## - NOTA DE BIBLIOGRAFIA, ETC. [R]
Nota de bibliografía, etc. [NR]
-- 50
600 14 - ASIENTO SECUNDARIO DE MATERIA - NOMBRE PERSONAL [R]
Nombre personal [NR] Tomás de Aquino
Títulos y otras palabras asociadas con el nombre [R] Santo
Fechas asociadas con el nombre [NR] 1225-1274
Subdivisión general [R] Pensamiento filosófico
9 (RLIN) 66473
650 04 - ASIENTO SECUNDARIO DE MATERIA - TERMINO TEMATICO [R]
Término temático o nombre geográfico como elemento de entrada [NR] Escolasticismo
9 (RLIN) 14772
650 04 - ASIENTO SECUNDARIO DE MATERIA - TERMINO TEMATICO [R]
Término temático o nombre geográfico como elemento de entrada [NR] Filosofía medieval
9 (RLIN) 15832
650 04 - ASIENTO SECUNDARIO DE MATERIA - TERMINO TEMATICO [R]
Término temático o nombre geográfico como elemento de entrada [NR] Filosofía
9 (RLIN) 75
700 1# - ASIENTO SECUNDARIO - NOMBRE PERSONAL [R]
Nombre personal [NR] Chueca, Ángel
Término de relación [R]
9 (RLIN) 166792
700 1# - ASIENTO SECUNDARIO - NOMBRE PERSONAL [R]
Nombre personal [NR] Robles, Laureano
Término de relación [R]
9 (RLIN) 166793
765 ## - ASIENTO DE IDIOMA ORIGINAL [R]
Título [NR] De regno
942 ## - ELEMENTOS DE ENTRADA AGREGADOS (KOHA)
Tipo de ítem principal el descrito en 300a Libro
Tema principal Filosofía
Edición 1
Parte restante de la signatura top. T65m
Sistema de clasificación DEWEY
Clasificación 189.4
Existencias
Fecha de último préstamo Total préstamos Total Renewals Signatura topográfica Código de barras Última vez visto Ejemplar Price effective from Tipo de ítem Perdido Sistema de clasificación Dañado No prestable Tipo de ítem específico Suprimido Ubicación habitual Ubicación actual Localización Fecha de creación Forma de adquisición Costo
09/04/2019 12 4 189.4 T65m 100039673 05/12/2025 Ej.1 03/02/2013 Libro   DEWEY     Libro   Claustro Claustro 2do piso 28/02/2003 Compra 4935.00